| 000 | 00609nam a22001577a 4500 | ||
|---|---|---|---|
| 003 | OSt | ||
| 005 | 20161026134354.0 | ||
| 008 | 161026b xxu||||| |||| 00| 0 eng d | ||
| 040 | _cRUA | ||
| 082 | _aAGR TRY 2015 B516 Or.1 | ||
| 100 |
_910929 _aTRY LEANGHOU; ទ្រី លាងហ៊ |
||
| 245 | _aComparison of corn feed at kohthom district, kandal province; ប្រៀបធៀបពូជពោតក្រហមចំណីសត្វនៅស្រុកកោះធំ ខេត្តកណ្តាល | ||
| 260 |
_aPhnom Penh _bRUA _c2015 |
||
| 300 |
_axi; 49p; _bill; _c29cm; |
||
| 942 |
_2ddc _cAGR |
||
| 999 |
_c10519 _d10519 |
||